000 01421nam a2200349 c 4500
003 BLK
005 20231218134215.0
008 180412b bul|||||r ||||||| ||bul||
010 _aKNG00012740000
020 _a954-8944-01-4
_bиздат.: Фемина-Ф
040 _aBLK
041 _aBUL
_cBUL
080 _aМорски и въздушни операции. Морска и въздушна война
_b355.46
_x(100)(092)
_z355.46(100)(092)
080 _aВоенновъздушни сили. Вж и 355.3 ; 359
_b358.4
_x(100)(091)
_z358.4(100)(091)
080 _aБиографии
_b929
_x
_z929
100 1 _aДжоргов, Крум Димитров
_eпърви автор
_9256264
139 _aДжоргов, Крум
_bД 52
245 1 0 _aАсовете на въздушната война
_bОчерци
_cКрум Димитров Джоргов.
257 _aBGR
260 София
_bФемина-Ф
_c1996
300 _a231 с.
_bс ил., портр.
_c20 см
380 _a62
650 4 _aЛетци - участие във въздушни операции
_9256265
650 4 _aВоенновъздушни сили - история
_9256266
653 _aвоенни летци
852 _aЦб 189142
856 4 _qpdf
_u
856 4 _qpdf
_u
942 _cKNG
_n0
_04
944 _aCR
_c15.01.2003
_k30575
_lМартин Енчев
944 _aED
_c25.01.2011
_k
999 _c11210
_d11210